| 000 | 00624nam a2200205 a 4500 | ||
|---|---|---|---|
| 005 | 20240911064403.0 | ||
| 008 | 010621s2000 r 000 0 eng d | ||
| 020 | _a8474327946 | ||
| 035 | _aUPN01000108738 | ||
| 049 | _aCG | ||
| 050 | 4 |
_aJC251 A7.4 _bH3.68 |
|
| 245 | 0 | 0 |
_aHannah Arendt : _bel ogullo de pensar / _ccomp. Fina Birulés. |
| 260 |
_aBarcelona, Esp. : _bGedisa, _c2000. |
||
| 300 | _a287 p. | ||
| 440 | 0 | _aSerie Cla. De. Ma. Filosofía | |
| 600 | 1 | 4 |
_aARENDT, HANNAH, _d1906-1975 - _xCRITICA E INTERPRETACION _97777 |
| 650 | 4 |
_aCiencias políticas _96023 |
|
| 700 | 1 |
_aBirulés, Fina, _ecomp. |
|
| 905 | _aLibro | ||
| 999 |
_c82649 _d82649 |
||